Normal view MARC view
  • Early to mid‑20th-century English fiction

Entry Topical Term

Number of records used in: 1

001 - CONTROL NUMBER

  • control field: 8946

003 - CONTROL NUMBER IDENTIFIER

  • control field: JRU

005 - DATE AND TIME OF LATEST TRANSACTION

  • control field: 20260408113358.0

008 - FIXED-LENGTH DATA ELEMENTS

  • fixed length control field: 260408|| aca||aabn | a|a d

040 ## - CATALOGING SOURCE

  • Original cataloging agency: JRU
  • Transcribing agency: JRU

150 ## - HEADING--TOPICAL TERM

  • Topical term or geographic name as entry element: Early to mid‑20th-century English fiction

670 ## - SOURCE DATA FOUND

  • Source citation: Work cat.: (JRU)4231: Lawrence, D.H. 1772, Lady Chatterleys Lovers, 2000